Logo BPK

Biblioteka

Politechniki Koszalińskiej

Walka z hałasem w komunikacji i przemyśle / (Rekord nr 15984)

Szczegóły MARC
000 -ETYKIETA REKORDU
podpole kontrolne o stałej długości 00387nam a2200157 i 4500
001 - NUMER KONTROLNY REKORDU
pole kontrolne bg
040 ## - ŹRÓDŁO KATALOGOWANIA
Instytucja, która utworzyła rekord BPK
041 ## - KOD JĘZYKA
Kod języka tekstu pol
008 - POLE O STAŁEJ DŁUGOŚCI - DANE KONTROLNE
podpole kontrolne o stałej długości s pl f |000 0 pol
100 1# - NAZWA OSOBOWA
Nazwa osobowa ROGIŃSKI, R.
245 #0 - TYTUŁ/ODPOWIEDZIALNOŚĆ
Tytuł Walka z hałasem w komunikacji i przemyśle /
Pozostałe elementy strefy tytułu i oznaczenia odpowiedzialności R. Rogiński, J. Sadowski.
260 ## - STREFA ADRESU WYDAWNICZEGO
Miejsce wydania Warszawa,
Data publikacji, dystrybucji/powstania dokumentu 1965.
650 #9 - HASŁO PRZEDMIOTOWE W FORMIE NAZWY OGÓLNEJ LUB JEDNOSTKOWEJ
Nazwa ogólna lub geograficzna Hałas
700 1# - HASŁO DODATKOWE - NAZWA OSOBOWA
Nazwa osobowa SADOWSKI, J.
856 ## - LOKALIZACJA I DOSTĘP DO ELEKTRONICZNYCH DOKUMENTÓW ZDALNYCH
Link (URL) http://koha.tu.koszalin.pl/cgi-bin/koha/opac-detail.pl?biblionumber=15984
Tekst linku Katalog online BPK
942 ## - DODATKOWE ELEMENTY (KOHA)
Typ dokumentu Książka
Egzemplarze
Wycofany Status egzemplarza Uszkodzony Dostępność Lokalizacja stała Lokalizacja bieżąca Miejsce przechowywania Sygnatura Kod kreskowy Ostatnio wypożyczono Typ dokumentu
      Dostępny Biblioteka Politechniki Koszalińskiej Biblioteka Politechniki Koszalińskiej Wypożyczalnia BG 19421 01102758 04.01.2019 Książka
© 2023 Biblioteka Politechniki Koszalińskiej :: KOHA